| 000 | 00531nam a22001937a 4500 | ||
|---|---|---|---|
| 005 | 20250129033102.0 | ||
| 008 | 250129b |||||||| |||| 00| 0 eng d | ||
| 020 | _a0646425463 | ||
| 082 |
_26793 _a304.8 _bIND |
||
| 100 | _aIndrapala, K | ||
| 245 |
_aThe Evolution of an Ethnic Identity: _bThe Tamils in Sri Lanka: c. 300 BCE to c. 1200 CE |
||
| 260 |
_aSydney _bMV Publications _c2005 |
||
| 300 | _axiv, 400 p., (C II) | ||
| 650 | _aEthnicity | ||
| 650 | _aCivilization | ||
| 650 | _aHistory | ||
| 650 | _aCulture | ||
| 942 | _cL | ||
| 999 |
_c5967 _d5967 |
||